Normal view
MARC view
- Gift in honor of the 50th Anniversary of the Peace Corps (Library of Congress)
Entry Corporate Name
001 - CONTROL NUMBER
- control field: 99813
003 - CONTROL NUMBER IDENTIFIER
- control field: NUST
005 - DATE AND TIME OF LATEST TRANSACTION
- control field: 20221011112519.0
008 - FIXED-LENGTH DATA ELEMENTS
- fixed length control field: 221011|| aca||aabn | a|a d
040 ## - CATALOGING SOURCE
- Original cataloging agency: NUST
- Transcribing agency: NUST
110 ## - HEADING--CORPORATE NAME
- Corporate name or jurisdiction name as entry element: Gift in honor of the 50th Anniversary of the Peace Corps (Library of Congress)
670 ## - SOURCE DATA FOUND
- Source citation: Work cat.: (NUST)0: Bissell, Tom, 1974- 99807, Chasing the sea :, c2003.
